| 000 | 00852nas a2200277 4500 | ||
|---|---|---|---|
| 001 | BR0204666 | ||
| 003 | BR-BrBNA | ||
| 005 | 20231205103235.0 | ||
| 007 | ta | ||
| 008 | 230509b bl.|||p| |||| 00| 00por d | ||
| 040 |
_aBR-BrBNA _bpor _cBiblioteca Nacional de Agricultura |
||
| 041 | _a(Pt) | ||
| 072 | _aK10; U10 | ||
| 100 | 1 | _aSchneider, P.R. | |
| 100 | 1 | _aCamillo, S.B. de A. | |
| 100 | 1 | _aFinger, C.A.G. | |
| 100 | 1 | _aFrizzo, S.M.B. | |
| 245 | 1 | _aDeterminação de equações da produção de tanino de acácia-negra, Acacia mearnsii De Wild. | |
| 650 | _aACÁCIA NEGRA | ||
| 650 | _aTANINO | ||
| 650 | _aPRODUÇÃO FLORESTAL | ||
| 650 | _aMODELO MATEMÁTICO | ||
| 773 | 0 |
_tCiência Florestal (Brazil) _xISSN 0103-9954 _g(Jun 1999), v. 9(1) p. 103-113 _wBR0204666 |
|
| 909 |
_a202311 _bLúcia _c55 _dLúcia Elande |
||
| 942 |
_2AGRIS _n0 _cANA |
||
| 999 |
_c171838 _d171838 |
||